La dirección del desarrollo humano / (Record no. 108683)

MARC details
000 -LEADER
campo de control de longitud fija 00656nam a2200205 4500
001 - NÚMERO DE CONTROL
campo de control 108683
003 - IDENTIFICADOR DE NÚMERO DE CONTROL
campo de control ES-MaACL
007 - CAMPO FIJO DE DESCRIPCIÓN FÍSICA--INFORMACIÓN GENERAL
campo de control de longitud fija t|
008 - DATOS DE LONGITUD FIJA--INFORMACIÓN GENERAL
campo de control de longitud fija 061121s1975 sp r ||||1| spa d
100 1# - ENTRADA PRINCIPAL--NOMBRE DE PERSONA
Nombre de persona Montagu, Ashley.
9 (RLIN) 82320
245 13 - MENCIÓN DEL TÍTULO
Título La dirección del desarrollo humano /
Mención de responsabilidad, etc. Ashley Montagu; traducción de María Dolores López Martínez.
250 ## - MENCION DE EDICION
Mención de edición 2ª. ed. reimp.
260 ## - PUBLICACIÓN, DISTRIBUCIÓN, ETC.
Lugar de publicación, distribución, etc. Madrid :
Nombre del editor, distribuidor, etc. Tecnos,
Fecha de publicación, distribución, etc. 1975.
300 ## - DESCRIPCIÓN FÍSICA
Extensión 356 p. ;
Dimensiones 24 cm.
490 1# - MENCIÓN DE SERIE
Mención de serie Estructura y función ;
Designación de volumen o secuencia 2
700 1# - ENTRADA AGREGADA--NOMBRE PERSONAL
Nombre de persona López Martínez, María Dolores.
9 (RLIN) 73760
830 0# - PUNTO DE ACCESO ADICIONAL DE SERIE-TÍTULO UNIFORME
Título uniforme Estructura y función ;
Designación de volumen o secuencia 2
9 (RLIN) 181428
852 ## - LOCALIZACIÓN
Ubicación ES-MaACL
Número de control de estantería E-8327
Sublocalización o colección R.92442
Holdings
Estatus retirado Estado de pérdida Estado de daño No para préstamo Biblioteca de origen Biblioteca actual Ubicación en estantería Fecha de adquisición Fuente de adquisición Total de préstamos Signatura topográfica completa Código de barras Visto por última vez Precio de reemplazo Tipo de ítem Koha
        Biblioteca del Ateneo de Madrid Biblioteca del Ateneo de Madrid Depósito 2 17/01/2008     E-8327 1113408 23/02/2023 23/02/2023 Libro impreso